Single payment advice (Record no. 117896)
[ view plain ]
| 000 -LEADER | |
|---|---|
| fixed length control field | 00943cam a2200193 4500 |
| 001 - CONTROL NUMBER | |
| control field | WB@3612-807 |
| 008 - FIXED-LENGTH DATA ELEMENTS--GENERAL INFORMATION | |
| fixed length control field | 040825n2004 000 0 eng u |
| 035 ## - SYSTEM CONTROL NUMBER | |
| System control number | (Sirsi) u127159 |
| 245 ## - TITLE STATEMENT | |
| Title | Single payment advice |
| 260 ## - PUBLICATION, DISTRIBUTION, ETC. | |
| Date of publication, distribution, etc. | 2004 |
| 490 ## - SERIES STATEMENT | |
| Series statement | DEFRA News Release |
| Volume/sequential designation | (333/04) 25 August 2004 (2) |
| 520 ## - SUMMARY, ETC. | |
| Summary, etc. | A free updated brochure from DEFRA explains the latest developments that farmers need to know about the new Single Payment Scheme, and how to claim under it. The scheme was introduced under reforms of the Common Agricultural Policy. It includes an update on the 10-month rule, as well as important dates in the cross-compliance calendar and an update on measures to ensure that potential new claimants can register later in year. http://www.defra.gov.uk/ |
| 590 ## - LOCAL NOTE (RLIN) | |
| Local note | WB |
| 590 ## - LOCAL NOTE (RLIN) | |
| Local note | WB |
| 650 ## - SUBJECT ADDED ENTRY--TOPICAL TERM | |
| Topical term or geographic name entry element | SINGLE FARM PAYMENTS |
| 650 ## - SUBJECT ADDED ENTRY--TOPICAL TERM | |
| Topical term or geographic name entry element | COMMON AGRICULTURAL POLICY |
| 690 ## - LOCAL SUBJECT ADDED ENTRY--TOPICAL TERM (OCLC, RLIN) | |
| Topical term or geographic name as entry element | RURAL-FARM BUSINESS MANAGEMENT |
| 942 ## - ADDED ENTRY ELEMENTS (KOHA) | |
| Suppress in OPAC | 0 |
| Withdrawn status | Lost status | Source of classification or shelving scheme | Damaged status | Not for loan | Home library | Current library | Shelving location | Date acquired | Total Checkouts | Full call number | Barcode | Date last seen | Copy number | Price effective from | Koha item type |
|---|---|---|---|---|---|---|---|---|---|---|---|---|---|---|---|
| Dewey Decimal Classification | London | London | News article | 25/08/2004 | WB4033-14 | 127159-1001 | 06/08/2019 | 1 | 06/08/2019 | News article |